000 00786nam a2200241 a 4500
999 _c11327
_d11327
001 11327
003 BD-JhCC
005 20190827125508.0
008 190626s20172018bg a|||| ||a| 000 0 ben d
020 _a9789849240358
035 _a(BD-JhCC)11327
040 _aBD-JhCC
_dBD-JhCC
041 _aben
082 _bSHU 2018
_a928
100 _aশুভ্র, উৎপল
245 _aকল্পলোকে ক্রিকেটের গল্প /
_cউৎপল শুভ্র ।
260 _aঢাকা:
_bপ্রথমা প্রকাশন;
_c২০১৮.
300 _a১৪৩ পৃ. :
_bill;
_c২২ সেমি.
600 _aব্রাডম্যান, ডন
650 _aBiography
_xCricketer
942 _2ddc
_cBK